Statistics for Regions of Japan

Click here to take the quiz!

General Stats

  • This quiz has been taken 49 times
    (46 since last reset)
  • The average score is 6 of 8

Answer Stats

RegionPrefectures% Correct
Hokkaido
84%
KansaiMie, Shiga, Kyoto, Osaka, Hyogo, Nara, Wakayama
84%
KantoIbaraki, Tochigi, Gunma, Saitama, Chiba, Tokyo, Kanagawa
84%
KyushuFukuoka, Saga, Nagasaki, Kumamoto, Oita, Miyazaki, Kagoshima, Okinawa
77%
ShikokuTokushima, Kagawa, Ehime, Kochi
77%
ChubuNiigata, Toyama, Ishikawa, Fukui, Yamanashi, Nagano, Gifu, Shizuoka, Aichi
74%
ChugokuTottori, Shimane, Okayama, Hiroshima, Yamaguchi
68%
TohokuAomori, Iwate, Miyagi, Akita, Yamagata, Fukushima
68%

Score Distribution

Percentile by Number Answered

Percent of People with Each Score

Your Score History

You have not taken this quiz since the last reset